Capitali Europee con mappa - Statistics

Statistiche generali
  • Questo quiz è stato fatto 127 volte
  • Il punteggio medio è 37 su 45
Risposte nella Mappa
Le risposte nella mappa del quiz sottostante sono codificate secondo una scala di colori dal rosso al verde in base alla % di persone che hanno risposto correttamente.
 
Statistiche sulle risposte
Risposta % Corretto
berlino
99%
londra
99%
madrid
99%
atene
98%
lisbona
98%
parigi
98%
roma
98%
san marino
98%
dublino
96%
mosca
96%
amsterdam
95%
kiev
95%
praga
95%
oslo
94%
la valletta
93%
monaco
93%
vaticano
93%
bruxelles
91%
bucarest
90%
budapest
88%
helsinki
88%
vienna
88%
berna
86%
stoccolma
86%
varsavia
86%
copenaghen
85%
lussemburgo
85%
riga
83%
tirana
80%
sofia
78%
tallin
78%
reykjavik
76%
andorra la vella
73%
sarajevo
71%
zagabria
70%
minsk
69%
lubiana
68%
vilnius
68%
belgrado
64%
bratislava
64%
vaduz
61%
skopje
56%
podgorica
55%
chisinau
53%
pristina
43%
Nessun quiz corrispondente trovato
Distribuzione punteggi
Percentuale di utenti per punteggio
Percentile per numero di risposta
I tuoi punteggi nel tempo
Non hai fatto questo quiz